000 00604nam a2200193Ia 4500
003 GCL
008 140319s9999 xx 000 0 ara d
040 _aGCL /
_cGCL
082 0 4 _a891.86
_bت ا
100 1 _aتشابيك، كاريل
245 1 0 _aالانسان الالى /
_cتشابيك، كاريل
700 1 _aطه محمود طه(ترجمة)
300 _a68 ص
490 _aمسرحيات عالمية
_v0
650 0 4 _aالادب العالمى المترجم
650 0 4 _aالادب التشيكى المترجم
650 0 4 _aالمسرحيات التشيكية
942 _2ddc
_cBK
999 _c40015
_d40015